000 00568nam a2200181Ia 4500
003 GCL
008 140319s9999 xx 000 0 ara d
040 _aGCL /
_cGCL
082 0 4 _a818.03
_bف م
100 1 _aفؤاد ارمان زكى
245 1 0 _aمع شاعرين : حديث مع شاعر امريكى واخر مع شاعر مصرى /
_cفؤاد ارمان زكى
300 _a43 ص
490 _a
650 0 4 _aالمناقشات
650 0 4 _aالادب العربى - تاريخ ونقد
650 0 4 _aالمذكرات الادبية
942 _2ddc
_cBK
999 _c46291
_d46291